[Event "Chigorin Memorial 19th"]
[Site "St Petersburg"]
[Date "2011.10.19"]
[Round "6"]
[White "Neverov, Valeriy"]
[Black "Frolochkin, Vladimir"]
[Result "1-0"]
[WhiteElo "2508"]
[BlackElo "2331"]
[PlyCount "120"]
[EventDate "2011.10.14"]
[EventType "swiss"]
[EventRounds "9"]
[EventCountry "RUS"]
[SourceTitle "CBM 144 Extra"]
[Source "ChessBase"]
[SourceDate "2011.10.28"]
[SourceVersion "1"]
[SourceVersionDate "2011.10.28"]
[SourceQuality "1"]

1. Nf3 d5 2. c4 e6 3. g3 Nd7 4. b3 Ngf6 5. Bg2 c6 6. Bb2 Be7 7. 0-0 0-0 8. d3 b6 9. e4 dxe4 10. dxe4 Qc7 11. e5 Ng4 12. Qe2 Bb7 13. h3 Nh6 14. Nc3 Rad8 15. Rad1 a5 16. Ne4 Nc5 17. Nxc5 Bxc5 18. g4 Kh8 19. Ng5 Be7 20. Ne4 Rxd1 21. Rxd1 c5 22. f4 Rd8 23. Rd3 Bxe4 24. Bxe4 f6 25. Qc2 fxe5 26. Bxe5 Bd6 27. Qc3 Kg8 28. Kg2 Nf7 29. Bxg7 Bxf4 30. Bf6 Rxd3 31. Qxd3 Nd6 32. Bf3 Qf7 33. Bd8 Qa7 34. Qc3 Nf7 35. Bh4 Qd7 36. Qc2 Ne5 37. Be4 h6 38. Qf2 Bg5 39. Bg3 Nc6 40. h4 Bd8 41. Kh3 Bc7 42. Qf6 Bxg3 43. Qg6+ Kf8 44. Qxh6+ Kg8 45. Kxg3 Qd6+ 46. Qf4 Ne5 47. h5 Qd4 48. h6 Nf7 49. g5 Qg1+ 50. Kh4 Qe1+ 51. Kh5 Qd1+ 52. Bf3 Qd4 53. Qxd4 cxd4 54. Bg4 d3 55. g6 Nd8 56. Kg5 d2 57. Kf6 e5 58. Kxe5 Nc6+ 59. Kf6 Nd4 60. h7+ Kh8 1-0

[Event "Leipzig VfB op 18th"]
[Site "Leipzig"]
[Date "2011.03.27"]
[Round "9"]
[White "Frolochkin, Vladimir"]
[Black "Wichmann, Cliff"]
[Result "1/2-1/2"]
[WhiteElo "2330"]
[BlackElo "2341"]
[PlyCount "33"]
[EventDate "2011.03.20"]
[EventType "swiss"]
[EventRounds "9"]
[EventCountry "GER"]
[SourceTitle "CBM 141 Extra"]
[Source "ChessBase"]
[SourceDate "2011.05.03"]
[SourceVersion "1"]
[SourceVersionDate "2011.05.03"]
[SourceQuality "1"]

1. e4 e6 2. d4 d5 3. Nd2 Nf6 4. e5 Nfd7 5. f4 c5 6. c3 Nc6 7. Ndf3 Qb6 8. Ne2 Be7 9. g3 cxd4 10. cxd4 0-0 11. Bh3 f6 12. Bxe6+ Kh8 13. exf6 Nxf6 14. Bxc8 Raxc8 15. 0-0 Ne4 16. a3 Bf6 17. Qd3 1/2-1/2

[Event "St Petersburg-ch sf"]
[Site "St Petersburg"]
[Date "2011.02.15"]
[Round "5"]
[White "Solovjov, Sergey"]
[Black "Frolochkin, Vladimir"]
[Result "1-0"]
[WhiteElo "2385"]
[BlackElo "2328"]
[PlyCount "63"]
[EventDate "2011.02.11"]
[EventType "swiss"]
[EventRounds "9"]
[EventCountry "RUS"]
[SourceTitle "CBM 141 Extra"]
[Source "ChessBase"]
[SourceDate "2011.05.03"]
[SourceVersion "1"]
[SourceVersionDate "2011.05.03"]
[SourceQuality "1"]

1. e4 e5 2. Nf3 Nc6 3. d4 exd4 4. c3 Nf6 5. e5 Ne4 6. Qe2 d5 7. exd6 f5 8. dxc7 Qd5 9. Qc4 Be6 10. Qxd5 Bxd5 11. Bb5 dxc3 12. 0-0 a6 13. Rd1 c2 14. Rxd5 cxb1Q 15. Bxc6+ bxc6 16. Re5+ Kd7 17. Rxb1 Bd6 18. Rxf5 Rhf8 19. Rxf8 Rxf8 20. Be3 Kxc7 21. Rc1 Kb7 22. Rc4 Nf6 23. Bd4 g6 24. h3 Nd5 25. Be5 Bxe5 26. Nxe5 Re8 27. Nxc6 Re1+ 28. Kh2 Re2 29. Nb4 Nf6 30. Rc2 Re4 31. Nxa6 Nd7 32. Rc7+ 1-0

[Event "St Petersburg-ch sf"]
[Site "St Petersburg"]
[Date "2011.02.14"]
[Round "4"]
[White "Frolochkin, Vladimir"]
[Black "Levin, Evgeny A"]
[Result "1/2-1/2"]
[WhiteElo "2328"]
[BlackElo "2481"]
[PlyCount "44"]
[EventDate "2011.02.11"]
[EventType "swiss"]
[EventRounds "9"]
[EventCountry "RUS"]
[SourceTitle "CBM 141 Extra"]
[Source "ChessBase"]
[SourceDate "2011.05.03"]
[SourceVersion "1"]
[SourceVersionDate "2011.05.03"]
[SourceQuality "1"]

1. e4 e6 2. d4 d5 3. Nd2 Nf6 4. e5 Nfd7 5. f4 c5 6. c3 Nc6 7. Ndf3 Qb6 8. Ne2 Be7 9. a3 cxd4 10. cxd4 Na5 11. b4 Nc4 12. Nc3 Qc7 13. Qb3 a5 14. b5 Ndb6 15. Bd3 Bd7 16. 0-0 Rc8 17. Na4 Nxa4 18. Qxa4 Qb6 19. Rb1 0-0 20. Kh1 f6 21. Qb3 Be8 22. h3 Bg6 1/2-1/2

[Event "St Petersburg-ch sf"]
[Site "St Petersburg"]
[Date "2011.02.13"]
[Round "3"]
[White "Malakhov, Igor"]
[Black "Frolochkin, Vladimir"]
[Result "1/2-1/2"]
[WhiteElo "2447"]
[BlackElo "2328"]
[PlyCount "98"]
[EventDate "2011.02.11"]
[EventType "swiss"]
[EventRounds "9"]
[EventCountry "RUS"]
[SourceTitle "CBM 141 Extra"]
[Source "ChessBase"]
[SourceDate "2011.05.03"]
[SourceVersion "1"]
[SourceVersionDate "2011.05.03"]
[SourceQuality "1"]

1. Nf3 d5 2. c4 e6 3. g3 Nd7 4. Bg2 dxc4 5. Na3 Bxa3 6. bxa3 Nb6 7. Bb2 f6 8. 0-0 Ne7 9. g4 e5 10. g5 Ng6 11. Kh1 Be6 12. Ne1 Bd5 13. e4 Be6 14. f4 Nxf4 15. Rxf4 exf4 16. gxf6 g6 17. Nf3 0-0 18. Ng5 Qd7 19. Qf1 Na4 20. Bh3 Bxh3 21. Qxc4+ Be6 22. Nxe6 Nxb2 23. Nxf8+ Nxc4 24. Nxd7 Rd8 25. Rc1 b5 26. d3 Rxd7 27. dxc4 Kf7 28. cxb5 Kxf6 29. Kg2 Ke5 30. Kf3 Rd3+ 31. Kg4 h5+ 32. Kg5 f3 33. Rxc7 Kxe4 34. Re7+ Kd4 35. Rxa7 f2 36. Rf7 Ke3 37. Kxg6 Ke2 38. b6 f1Q 39. Rxf1 Kxf1 40. b7 Rd8 41. h4 Kf2 42. Kxh5 Kf3 43. a4 Rb8 44. Kg5 Ke4 45. h5 Ke5 46. Kg6 Rxb7 47. h6 Rb6+ 48. Kg7 Rb7+ 49. Kg6 Rb6+ 1/2-1/2

[Event "Chigorin Memorial 18th"]
[Site "St Petersburg"]
[Date "2010.11.05"]
[Round "9"]
[White "Kalegin, Evgenij"]
[Black "Frolochkin, Vladimir"]
[Result "1-0"]
[WhiteElo "2453"]
[BlackElo "2331"]
[PlyCount "53"]
[EventDate "2010.10.28"]
[EventType "swiss"]
[EventRounds "9"]
[EventCountry "RUS"]
[SourceTitle "EXT 2011"]
[Source "ChessBase"]
[SourceDate "2010.11.26"]
[SourceVersion "1"]
[SourceVersionDate "2010.11.26"]
[SourceQuality "1"]

1. e4 e5 2. Nf3 Nc6 3. Bb5 Nf6 4. d3 d6 5. c3 g6 6. 0-0 a6 7. Bxc6+ bxc6 8. d4 Qe7 9. dxe5 dxe5 10. Qa4 Bb7 11. Nbd2 Bg7 12. Nb3 a5 13. Be3 Nd7 14. Nxa5 0-0 15. Qb4 Qxb4 16. cxb4 Rfb8 17. Rfd1 Nf6 18. Nxe5 Rxa5 19. bxa5 Nxe4 20. Nd7 Ra8 21. Nc5 Nxc5 22. Bxc5 Be5 23. Bd4 Bd6 24. Bc3 c5 25. a3 c4 26. Rd4 Ba6 27. Re1 1-0

[Event "Chigorin Memorial 17th"]
[Site "St Petersburg"]
[Date "2009.10.24"]
[Round "9"]
[White "Korchagina, Victoria"]
[Black "Frolochkin, Vladimir"]
[Result "1/2-1/2"]
[WhiteElo "2172"]
[BlackElo "2305"]
[PlyCount "66"]
[EventDate "2009.10.16"]
[EventType "swiss"]
[EventRounds "9"]
[EventCountry "RUS"]
[SourceTitle "CBM 132 Extra"]
[Source "ChessBase"]
[SourceDate "2009.11.03"]
[SourceVersion "1"]
[SourceVersionDate "2009.11.03"]
[SourceQuality "1"]

1. e4 e5 2. Nf3 Nc6 3. Bb5 Nf6 4. Qe2 Be7 5. c3 d6 6. d4 Bd7 7. 0-0 a6 8. Bxc6 Bxc6 9. dxe5 dxe5 10. Nxe5 Bxe4 11. Rd1 Qc8 12. Nd7 Nxd7 13. Qxe4 Nc5 14. Qe2 Qe6 15. Qxe6 Nxe6 16. Be3 0-0 17. Nd2 Rad8 18. Nf3 Bc5 19. Bxc5 Nxc5 20. Kf1 Na4 21. Rxd8 Rxd8 22. Rb1 Rd6 23. c4 f6 24. a3 Rd3 25. b3 Nc5 26. b4 Nd7 27. a4 c5 28. Ke2 Rd6 29. bxc5 Nxc5 30. a5 Kf7 31. Nd2 Rd4 32. Rb4 Kg6 33. g3 h5 1/2-1/2

[Event "Chigorin Memorial 17th"]
[Site "St Petersburg"]
[Date "2009.10.21"]
[Round "6"]
[White "Frolochkin, Vladimir"]
[Black "Rjanova, Valery"]
[Result "1-0"]
[WhiteElo "2305"]
[BlackElo "2135"]
[PlyCount "183"]
[EventDate "2009.10.16"]
[EventType "swiss"]
[EventRounds "9"]
[EventCountry "RUS"]
[SourceTitle "CBM 132 Extra"]
[Source "ChessBase"]
[SourceDate "2009.11.03"]
[SourceVersion "1"]
[SourceVersionDate "2009.11.03"]
[SourceQuality "1"]

1. e4 c5 2. Nf3 d6 3. d4 cxd4 4. Nxd4 Nf6 5. Nc3 g6 6. Be3 Bg7 7. f3 0-0 8. Qd2 Nc6 9. Bc4 Bd7 10. 0-0-0 Rc8 11. Bb3 Ne5 12. Kb1 Re8 13. g4 b5 14. g5 Nh5 15. f4 Nc4 16. Bxc4 Rxc4 17. b3 Rc5 18. Nde2 Rc8 19. Bd4 Bxd4 20. Qxd4 a5 21. Rd2 a4 22. Nd5 axb3 23. cxb3 Rc6 24. Rc1 e5 25. fxe5 Rxc1+ 26. Nxc1 Rxe5 27. h4 Rxe4 28. Qf2 Bf5 29. Kb2 Qa5 30. Rd4 b4 31. Nxb4 Qc5 32. Nc2 Nf4 33. b4 Qe5 34. Ka3 d5 35. Rxe4 dxe4 36. Qd4 Qc7 37. Kb2 Nd3+ 38. Nxd3 exd3 39. Ne3 Qh2+ 40. Ka3 d2 41. Nd5 Qg3+ 42. Kb2 d1N+ 43. Qxd1 Qxh4 44. Qd2 Be6 45. b5 Qa4 46. Qb4 Qxb4+ 47. Nxb4 h5 48. gxh6 g5 49. a4 g4 50. b6 Bc8 51. Nd5 g3 52. Ne7+ Kh7 53. Nxc8 g2 54. b7 g1Q 55. b8Q Qd4+ 56. Kb3 Qd3+ 57. Kb2 Qd4+ 58. Kc1 Qxa4 59. Qc7 Kxh6 60. Nd6 Qf4+ 61. Kc2 Kg6 62. Qc5 Qh2+ 63. Kb3 Qg3+ 64. Kb4 Qe1+ 65. Kb5 Qe2+ 66. Kc6 Qf3+ 67. Kd7 Qg4+ 68. Ke8 f5 69. Nf7 Qe4+ 70. Ne5+ Kg5 71. Kf7 Qb7+ 72. Kf8 Qb8+ 73. Kg7 Qb2 74. Qe7+ Kf4 75. Qh4+ Ke3 76. Kf6 Qf2 77. Qc4 Qe2 78. Qc3+ Kf4 79. Qc1+ Kg3 80. Qg5+ Kh3 81. Ng6 Qb2+ 82. Kf7 Kh2 83. Qh4+ Kg1 84. Nf4 Qb7+ 85. Kg6 Qc6+ 86. Kg7 Qb7+ 87. Kf6 Qc6+ 88. Kg5 Kf1 89. Qh3+ Ke1 90. Qe3+ Kd1 91. Qe2+ Kc1 92. Nd3+ 1-0

[Event "Chigorin Memorial 17th"]
[Site "St Petersburg"]
[Date "2009.10.16"]
[Round "1"]
[White "Sakaev, Konstantin"]
[Black "Frolochkin, Vladimir"]
[Result "1-0"]
[WhiteElo "2625"]
[BlackElo "2305"]
[PlyCount "65"]
[EventDate "2009.10.16"]
[EventType "swiss"]
[EventRounds "9"]
[EventCountry "RUS"]
[SourceTitle "CBM 132 Extra"]
[Source "ChessBase"]
[SourceDate "2009.11.03"]
[SourceVersion "1"]
[SourceVersionDate "2009.11.03"]
[SourceQuality "1"]

1. d4 Nf6 2. Nf3 d5 3. c4 e6 4. g3 dxc4 5. Bg2 a6 6. 0-0 Nc6 7. e3 Bd7 8. Nc3 Bb4 9. Ne5 Nxe5 10. dxe5 Bxc3 11. bxc3 Nd5 12. Ba3 Qg5 13. Qd4 0-0-0 14. f4 Qg4 15. e4 Nb6 16. Be7 Rde8 17. Bh4 h6 18. Qe3 Qg6 19. Rad1 Bc6 20. f5 Qh7 21. g4 h5 22. g5 exf5 23. Bh3 Kb8 24. exf5 Bd7 25. Qd4 g6 26. fxg6 Qxg6 27. Bxd7 Rd8 28. e6 fxe6 29. Qe5 Qc2 30. Bxe6 Rxd1 31. Qxh8+ Ka7 32. Qe5 Rd3 33. Bf5 1-0

[Event "St Petersburg Autumn op"]
[Site "St Petersburg"]
[Date "2009.??.??"]
[Round "5"]
[White "Frolochkin, Vladimir"]
[Black "Solovyov, Viktor"]
[Result "1/2-1/2"]
[WhiteElo "2305"]
[BlackElo "2200"]
[PlyCount "63"]
[EventDate "2009.10.??"]
[EventType "swiss"]
[EventRounds "9"]
[EventCountry "RUS"]
[SourceTitle "EXT 2011"]
[Source "ChessBase"]
[SourceDate "2010.11.26"]
[SourceVersion "1"]
[SourceVersionDate "2010.11.26"]
[SourceQuality "1"]

1. e4 e5 2. Nf3 Nc6 3. Bc4 Bc5 4. c3 Nf6 5. d3 a6 6. 0-0 d6 7. Bb3 Ba7 8. Nbd2 0-0 9. h3 h6 10. Re1 Nh5 11. Nf1 Qf6 12. Be3 Nf4 13. d4 Ne7 14. Kh2 c6 15. Ng1 Be6 16. Bc2 Kh8 17. Qf3 Ng8 18. Rad1 Bb8 19. g3 Ng6 20. Qe2 Bc7 21. Kg2 Rad8 22. Nh2 Qe7 23. Ng4 Bc8 24. Nf3 Nf6 25. Nxf6 Qxf6 26. Nh2 Qe6 27. Qh5 Ne7 28. Ng4 Qg6 29. Qxg6 Nxg6 30. Bb3 f6 31. dxe5 Nxe5 32. Nxe5 1/2-1/2

[Event "St Petersburg Autumn op"]
[Site "St Petersburg"]
[Date "2009.??.??"]
[Round "1"]
[White "Frolochkin, Vladimir"]
[Black "Tkachev, Ivan"]
[Result "1-0"]
[WhiteElo "2305"]
[BlackElo "1990"]
[PlyCount "169"]
[EventDate "2009.10.??"]
[EventType "swiss"]
[EventRounds "9"]
[EventCountry "RUS"]
[SourceTitle "EXT 2011"]
[Source "ChessBase"]
[SourceDate "2010.11.26"]
[SourceVersion "1"]
[SourceVersionDate "2010.11.26"]
[SourceQuality "1"]

1. e4 d5 2. exd5 Qxd5 3. Nc3 Qa5 4. d4 Nf6 5. Nf3 Bf5 6. Ne5 c6 7. Bd2 Qb6 8. Qe2 Qxd4 9. 0-0-0 Nbd7 10. Nc4 Be6 11. Ne3 Bd5 12. Nexd5 Nxd5 13. g3 e6 14. Bg2 Qe5 15. Qxe5 Nxe5 16. Nxd5 cxd5 17. Bxd5 0-0-0 18. Bc3 Rxd5 19. Rxd5 exd5 20. Bxe5 f6 21. Bd4 a6 22. Rd1 Be7 23. Be3 Rd8 24. Bb6 Rd7 25. Re1 Bd8 26. Re8 Rd6 27. Bc5 Rd7 28. Kd2 Kc7 29. Re6 Rf7 30. Kd3 f5 31. b3 Rf6 32. Re8 Kd7 33. Rh8 Rh6 34. h4 f4 35. Bd4 g5 36. hxg5 Bxg5 37. Rb8 Kc6 38. Rf8 fxg3 39. fxg3 Rh3 40. Be5 Rh1 41. Rf5 h6 42. a4 Rd1+ 43. Kc3 Re1 44. Bd4 Rd1 45. Bg7 Rg1 46. Rf3 Rg2 47. Bd4 Re2 48. Kd3 Rd2+ 49. Kc3 Rg2 50. Bf2 Rh2 51. Kd4 Be7 52. Ke5 d4 53. Ke4 h5 54. Kd3 Bc5 55. Rf6+ Kd7 56. Rf5 Bd6 57. Kxd4 Ke6 58. Ke4 Rh3 59. Kf3 Rh1 60. Kg2 Rc1 61. Rxh5 Rxc2 62. g4 Rb2 63. Rh3 Bc5 64. Rf3 Bxf2 65. Rxf2 Rxb3 66. Rf4 Kd6 67. g5 Ke5 68. Rf8 Rb6 69. Kg3 Rb1 70. Kh4 b5 71. a5 Rg1 72. Kh5 Kd4 73. Rf6 b4 74. Rxa6 b3 75. Rb6 Kc3 76. a6 b2 77. g6 Rh1+ 78. Kg5 b1Q 79. Rxb1 Rxb1 80. a7 Rg1+ 81. Kf5 Rf1+ 82. Ke6 Re1+ 83. Kd6 Ra1 84. g7 Ra6+ 85. Kc5 1-0

[Event "St Petersburg Autumn op"]
[Site "St Petersburg"]
[Date "2009.??.??"]
[Round "4"]
[White "Usmanov, Vasily"]
[Black "Frolochkin, Vladimir"]
[Result "1/2-1/2"]
[WhiteElo "2110"]
[BlackElo "2305"]
[PlyCount "150"]
[EventDate "2009.10.??"]
[EventType "swiss"]
[EventRounds "9"]
[EventCountry "RUS"]
[SourceTitle "EXT 2011"]
[Source "ChessBase"]
[SourceDate "2010.11.26"]
[SourceVersion "1"]
[SourceVersionDate "2010.11.26"]
[SourceQuality "1"]

1. d4 Nf6 2. c4 e6 3. Nf3 d5 4. Nc3 Bb4 5. Qc2 dxc4 6. e3 b5 7. a4 c6 8. Nd2 Qa5 9. Be2 Nd5 10. Ndb1 Bb7 11. 0-0 a6 12. e4 Nxc3 13. bxc3 Be7 14. Be3 Nd7 15. Nd2 Qc7 16. f4 0-0 17. Bf3 f5 18. h3 Kh8 19. g4 fxe4 20. Nxe4 c5 21. Bg2 cxd4 22. Bxd4 Nc5 23. Be5 Qc6 24. axb5 axb5 25. Nxc5 Bxc5+ 26. Kh2 Qxg2+ 27. Qxg2 Bxg2 28. Kxg2 b4 29. cxb4 Bxb4 30. Rfb1 Be7 31. Rxa8 Rxa8 32. Rb7 Bf6 33. Rc7 Bxe5 34. fxe5 Ra2+ 35. Kg3 Ra3+ 36. Kg2 h5 37. Rxc4 Re3 38. gxh5 Rxe5 39. Rc6 Kg8 40. h6 gxh6 41. Rc7 Rg5+ 42. Kf3 Rg7 43. Rc8+ Kf7 44. Kf4 Rg5 45. Rh8 Rf5+ 46. Kg4 Rf6 47. Ra8 e5 48. Ra7+ Ke6 49. Ra6+ Kf7 50. Ra5 Rf4+ 51. Kg3 Kf6 52. Ra6+ Kg5 53. Re6 Re4 54. Kf3 Re1 55. Kf2 Kf5 56. Rxh6 Ra1 57. Rh4 Ra3 58. Ke2 Rb3 59. Kf2 Kg5 60. Re4 Rb2+ 61. Kf3 Rb5 62. Kg3 Ra5 63. Kf3 Rd5 64. Ke3 Rc5 65. Rb4 Kf5 66. Rh4 Rc3+ 67. Ke2 Rb3 68. Kf2 Rb8 69. Kf3 Rb3+ 70. Kf2 e4 71. Rh5+ Kf4 72. Rh4+ Ke5 73. Rh8 Rf3+ 74. Ke2 Rf5 75. Ke3 Rf3+ 1/2-1/2

[Event "Warsaw AIG Life rapid 8th"]
[Site "Warsaw"]
[Date "2008.12.21"]
[Round "9"]
[White "Ipatov, Alexander"]
[Black "Frolochkin, Vladimir"]
[Result "1-0"]
[WhiteElo "2472"]
[BlackElo "2323"]
[PlyCount "117"]
[EventDate "2008.12.20"]
[EventType "swiss (rapid)"]
[EventRounds "13"]
[EventCountry "POL"]
[SourceTitle "CBM 127 Extra"]
[Source "ChessBase"]
[SourceDate "2009.01.08"]
[SourceVersion "2"]
[SourceVersionDate "2009.01.28"]
[SourceQuality "1"]

1. d4 Nf6 2. c4 c5 3. d5 b5 4. cxb5 a6 5. bxa6 g6 6. Nc3 Bxa6 7. e4 Bxf1 8. Kxf1 d6 9. Nf3 Bg7 10. g3 0-0 11. Kg2 Na6 12. Rb1 Qa5 13. Re1 Nd7 14. Re2 Rfb8 15. Bg5 Kf8 16. Rc1 Nb4 17. a3 Na6 18. Rcc2 Rb7 19. Qc1 Bh8 20. Qf4 h5 21. g4 hxg4 22. Qxg4 Bg7 23. Qh4 Qd8 24. Qh7 Nf6 25. Bxf6 exf6 26. h4 Qd7 27. Kg3 Nc7 28. h5 gxh5 29. Qxh5 Ke7 30. Nh4 Rg8 31. Nf5+ Kf8 32. Kf3 Rb3 33. Re3 Bh8 34. Qh6+ Bg7 35. Qh2 Ne8 36. Nd1 Qb5 37. Rxb3 Qxb3+ 38. Nde3 Rh8 39. Qg3 Bh6 40. Nxh6 Rxh6 41. Ke2 Rh1 42. Kd2 Rb1 43. Nc4 Qxg3 44. fxg3 Rg1 45. Rc3 Ke7 46. a4 Nc7 47. a5 Na6 48. Rf3 Rg2+ 49. Kc3 Nb4 50. Kb3 Rg1 51. Ka4 Rc1 52. Kb5 Re1 53. a6 Nc2 54. a7 Nd4+ 55. Kb6 Nxf3 56. a8Q Rxe4 57. Qa7+ Kf8 58. Nxd6 Rb4+ 59. Kxc5 1-0

[Event "Warsaw AIG Life rapid 8th"]
[Site "Warsaw"]
[Date "2008.12.20"]
[Round "8"]
[White "Frolochkin, Vladimir"]
[Black "Kempinski, Robert"]
[Result "1-0"]
[WhiteElo "2323"]
[BlackElo "2595"]
[PlyCount "111"]
[EventDate "2008.12.20"]
[EventType "swiss (rapid)"]
[EventRounds "13"]
[EventCountry "POL"]
[SourceTitle "CBM 127 Extra"]
[Source "ChessBase"]
[SourceDate "2009.01.08"]
[SourceVersion "2"]
[SourceVersionDate "2009.01.28"]
[SourceQuality "1"]

1. e4 c5 2. Nf3 d6 3. Bc4 e6 4. 0-0 Nf6 5. d3 Nc6 6. c3 Be7 7. Re1 0-0 8. Bb3 b6 9. Nbd2 Bb7 10. Nf1 Rc8 11. Ng3 Qc7 12. a3 Rfd8 13. d4 cxd4 14. cxd4 Na5 15. Ba2 Qc2 16. Qxc2 Rxc2 17. b4 Nc4 18. Bb1 Rc3 19. Ne2 Rxf3 20. gxf3 d5 21. e5 Nd7 22. b5 a6 23. a4 Ra8 24. Ra2 Bb4 25. Rd1 f6 26. f4 f5 27. Rd3 a5 28. Rc2 Rc8 29. Ba2 Nf8 30. Bb3 Ng6 31. Kg2 Kf7 32. Kg3 h5 33. Nc3 h4+ 34. Kf3 h3 35. Ke2 Rh8 36. Kf1 Rh4 37. Rf3 Ba3 38. Bxa3 Nxa3 39. Ra2 Nc4 40. Ne2 Ba8 41. Rc2 Bb7 42. Ke1 Rg4 43. Rcc3 Ba8 44. Rg3 Nh4 45. Rxh3 Ng2+ 46. Kd1 Nxf4 47. Nxf4 Rxf4 48. Bxc4 dxc4 49. Rxc4 Bf3+ 50. Kc1 Bg4 51. Rg3 g5 52. h3 Be2 53. Rc6 Rxd4 54. Rxg5 Rxa4 55. Rc7+ Kf8 56. Rcg7 1-0

[Event "St Petersburg Nov op"]
[Site "St Petersburg"]
[Date "2008.11.08"]
[Round "8"]
[White "Pankov, German"]
[Black "Frolochkin, Vladimir"]
[Result "1-0"]
[WhiteElo "2375"]
[BlackElo "2323"]
[PlyCount "166"]
[EventDate "2008.11.01"]
[EventType "swiss"]
[EventRounds "9"]
[EventCountry "RUS"]
[SourceTitle "EXT 2010"]
[Source "ChessBase"]
[SourceDate "2010.11.25"]
[SourceVersion "1"]
[SourceVersionDate "2010.11.25"]
[SourceQuality "1"]

1. Nc3 d5 2. d4 Nf6 3. Bg5 Nbd7 4. Qd3 c6 5. e4 dxe4 6. Nxe4 Nxe4 7. Qxe4 Qa5+ 8. Bd2 Qd5 9. Qe3 Nf6 10. Nf3 Bf5 11. Bd3 Bxd3 12. Qxd3 Qe4+ 13. Qxe4 Nxe4 14. Be3 e6 15. Ne5 c5 16. 0-0-0 f6 17. Nc4 0-0-0 18. Rhe1 b5 19. f3 cxd4 20. Rxd4 Rxd4 21. Bxd4 Nc5 22. Na3 b4 23. Nc4 Kd7 24. a3 bxa3 25. Nxa3 Be7 26. Nc4 e5 27. Bf2 g5 28. Kd2 Kc6 29. Ra1 Kb7 30. b4 Na6 31. Na5+ Kc7 32. c3 Ra8 33. Kc2 h5 34. Kb3 g4 35. Kc4 Kd7 36. Nb3 Rc8+ 37. Kd3 Nb8 38. Rxa7+ Ke6 39. Nc5+ Bxc5 40. Bxc5 Nd7 41. Ra6+ Kf5 42. Be3 h4 43. Rd6 Rc7 44. h3 gxf3 45. gxf3 Rb7 46. b5 e4+ 47. fxe4+ Ke5 48. Rd5+ Ke6 49. Bd4 Nf8 50. Rf5 Nd7 51. c4 Rb8 52. Rh5 Rd8 53. Kc3 Rg8 54. Rxh4 Rg3+ 55. Kb4 Rd3 56. Bc3 Kd6 57. Rh5 Re3 58. Rd5+ Kc7 59. Rf5 Rxh3 60. Bxf6 Re3 61. e5 Re4 62. Rf1 Nb6 63. Rc1 Kb7 64. Kc5 Rf4 65. Be7 Rg4 66. Bd6 Re4 67. Kb4 Nd7 68. Kb3 Kb6 69. Rd1 Re3+ 70. Kb4 Re4 71. Kc3 Re3+ 72. Kd4 Re2 73. Kd5 Ka5 74. Ke6 Nb6 75. Ra1+ Na4 76. Rxa4+ Kxa4 77. b6 Rb2 78. c5 Ka5 79. Kd7 Ka6 80. e6 Kb7 81. e7 Re2 82. e8Q Rxe8 83. Kxe8 Kc8 1-0

[Event "St Petersburg Nov op"]
[Site "St Petersburg"]
[Date "2008.11.03"]
[Round "3"]
[White "Svidinsky, Dmitry"]
[Black "Frolochkin, Vladimir"]
[Result "0-1"]
[WhiteElo "2057"]
[BlackElo "2323"]
[PlyCount "102"]
[EventDate "2008.11.01"]
[EventType "swiss"]
[EventRounds "9"]
[EventCountry "RUS"]
[SourceTitle "EXT 2010"]
[Source "ChessBase"]
[SourceDate "2010.11.25"]
[SourceVersion "1"]
[SourceVersionDate "2010.11.25"]
[SourceQuality "1"]

1. e4 e5 2. Nf3 Nc6 3. Bb5 Nf6 4. 0-0 Nxe4 5. d4 Nd6 6. Bxc6 dxc6 7. dxe5 Nf5 8. Qxd8+ Kxd8 9. Nc3 Bd7 10. b3 Kc8 11. Ne2 b6 12. Rd1 Ne7 13. Ng5 Be8 14. Bb2 Ng6 15. f4 Be7 16. Nf3 Bd7 17. g3 Bh3 18. Kf2 Kb7 19. Rd2 Rhd8 20. Rad1 Rxd2 21. Rxd2 c5 22. c4 a6 23. Nc3 h6 24. a4 Bf5 25. Nd5 Bf8 26. Ne3 Be4 27. Rd7 Ne7 28. Nd5 Nxd5 29. cxd5 Bf5 30. Rxf7 Bg6 31. Rxf8 Rxf8 32. e6 Rg8 33. Ke3 Bf5 34. Nh4 Bc2 35. f5 Bxb3 36. Bxg7 Bxd5 37. Bxh6 b5 38. axb5 axb5 39. Nf3 b4 40. Ne5 c4 41. Kd4 b3 42. Kc3 Ra8 43. e7 c5 44. Bg7 Ra2 45. Nxc4 Rc2+ 46. Kxb3 Rxc4 47. f6 Bf7 48. Kb2 Kc6 49. Bh6 Kd5 50. Bd2 Kd4 51. Kb3 Kd3 0-1

[Event "St Petersburg Nov op"]
[Site "St Petersburg"]
[Date "2008.11.01"]
[Round "1"]
[White "Anosov, Sergey"]
[Black "Frolochkin, Vladimir"]
[Result "0-1"]
[WhiteElo "2046"]
[BlackElo "2323"]
[PlyCount "66"]
[EventDate "2008.11.01"]
[EventType "swiss"]
[EventRounds "9"]
[EventCountry "RUS"]
[SourceTitle "EXT 2010"]
[Source "ChessBase"]
[SourceDate "2010.11.25"]
[SourceVersion "1"]
[SourceVersionDate "2010.11.25"]
[SourceQuality "1"]

1. e4 e5 2. Nf3 Nc6 3. d4 exd4 4. Nxd4 Nf6 5. Nc3 Bb4 6. Nxc6 bxc6 7. Bd3 d5 8. exd5 0-0 9. 0-0 cxd5 10. Bg5 c6 11. Ne2 Qd6 12. Bf4 Qd7 13. Nd4 Ne4 14. f3 Bc5 15. c3 Nd6 16. Qc2 g6 17. Kh1 Bb6 18. b4 a5 19. Be5 Ba6 20. Nb3 a4 21. Nc5 Bxc5 22. bxc5 Bxd3 23. Qxd3 Nc4 24. Bf6 Rfe8 25. Qd4 Ne3 26. g4 Nxf1 27. Rxf1 Qe6 28. g5 Qe2 29. Rf2 Qe3 30. Qh4 Qe1+ 31. Kg2 Re2 32. Bd4 Rae8 33. Qg4 Rxf2+ 0-1

[Event "Chigorin Memorial 16th"]
[Site "St Petersburg"]
[Date "2008.10.07"]
[Round "5"]
[White "Frolochkin, Vladimir"]
[Black "Kuzmin, Yuriy"]
[Result "1-0"]
[WhiteElo "2323"]
[BlackElo "2122"]
[PlyCount "109"]
[EventDate "2008.10.03"]
[EventType "swiss"]
[EventRounds "9"]
[EventCountry "RUS"]
[SourceTitle "CBM 126 Extra"]
[Source "ChessBase"]
[SourceDate "2008.11.05"]
[SourceVersion "1"]
[SourceVersionDate "2008.11.05"]
[SourceQuality "1"]

1. e4 e5 2. Nf3 Nc6 3. Bc4 Be7 4. 0-0 d6 5. c3 Nf6 6. d3 0-0 7. Bb3 Bg4 8. h3 Bh5 9. Re1 Nd7 10. Nbd2 Nc5 11. Bc2 Ne6 12. Nf1 Bxf3 13. Qxf3 Bg5 14. Ne3 g6 15. Bb3 Nc5 16. Bc2 Ne6 17. g3 Qf6 18. Qxf6 Bxf6 19. Nd5 Bg5 20. f4 exf4 21. gxf4 Bd8 22. d4 Nb8 23. f5 Ng7 24. Bh6 Re8 25. Rf1 Nd7 26. Rae1 c6 27. Ne3 Bh4 28. Re2 d5 29. exd5 cxd5 30. Rg2 Nb6 31. Ng4 Nc4 32. b3 Nd6 33. Ne3 Rxe3 34. Bxe3 Re8 35. Bc1 Bd8 36. Bd3 a6 37. c4 dxc4 38. bxc4 Ba5 39. fxg6 hxg6 40. Bf4 Ndf5 41. d5 Bb6+ 42. Kh1 Bc5 43. Re2 Rd8 44. Bh2 b6 45. Rb1 a5 46. Reb2 Re8 47. Bg1 Nd4 48. Rd1 Nh5 49. d6 Rd8 50. Bxg6 fxg6 51. Bxd4 Rxd6 52. Rbd2 Ng3+ 53. Kg2 Ne4 54. Rd3 Re6 55. Re3 1-0